00417nam a2200121Ia 4500008004100000024004500041082001800086100005700104245004900161260002600210600002100236650003800257260210s9999 xx 000 0 und d a14B-17-BS, 14B-16-BS & 12B-61-BS a005.74072 SHO aShoaib Ashraf, Hammad Tariq & ABdul Mannan Sabir 0aGenerator Fuel Consumption Monitoring System aKarachi:bUITU,c2014 aComputer Science aBachelor of Computer Science (BS)